000 00404nam a2200169Ia 4500
001 5875
003 IN-NITTTR
005 20251114233013.0
008 251113s9999||||xx |||||||||||||| ||eng||
040 _beng
040 _cIN-NITTTR
041 _aeng
082 _a158 H411P
100 _aHepner, Harry Walker
245 0 _aPsychology applied to life and work /
_cHepner, Harry Walker
942 _2ddc
_cBK
999 _c8512
_d8512